[Event "Skopje Karposh op"]
[Site "Skopje"]
[Date "2014.03.30"]
[Round "2"]
[White "Berisha, Enver"]
[Black "Serefidou, Despina"]
[Result "1-0"]
[WhiteElo "2236"]
[BlackElo "1916"]
[PlyCount "55"]
[EventDate "2014.03.29"]
[EventType "swiss"]
[EventRounds "9"]
[EventCountry "MKD"]
[SourceTitle "CBM 159 Extra"]
[Source "ChessBase"]
[SourceDate "2014.04.24"]
[SourceVersion "1"]
[SourceVersionDate "2014.04.24"]
[SourceQuality "1"]

1. d4 Nf6 2. c4 e6 3. Nc3 Bb4 4. e3 0-0 5. Bd3 d5 6. Nge2 dxc4 7. Bxc4 e5 8. a3 Bxc3+ 9. bxc3 c5 10. 0-0 Nc6 11. Bb2 Qc7 12. Ba2 Na5 13. a4 Rd8 14. Qc1 b6 15. c4 exd4 16. exd4 cxd4 17. Nxd4 Ng4 18. Nf3 Rd3 19. Re1 Be6 20. Qg5 f6 21. Qh4 Qf7 22. Bb1 Rad8 23. Bxd3 Rxd3 24. h3 Nxc4 25. hxg4 Nxb2 26. g5 Rd6 27. a5 b5 28. Qb4 1-0

[Event "Wch U16 Girls"]
[Site "Al Ain"]
[Date "2013.12.28"]
[Round "11"]
[White "Mendoza, Shania Mae"]
[Black "Serefidou, Despina"]
[Result "1-0"]
[WhiteElo "1867"]
[BlackElo "1958"]
[PlyCount "83"]
[EventDate "2013.12.18"]
[EventType "swiss"]
[EventRounds "11"]
[EventCountry "UAE"]
[SourceTitle "CBM 158 Extra"]
[Source "ChessBase"]
[SourceDate "2014.02.28"]
[SourceVersion "1"]
[SourceVersionDate "2014.02.28"]
[SourceQuality "1"]

1. e4 c5 2. Nf3 d6 3. d4 cxd4 4. Nxd4 Nf6 5. Nc3 a6 6. Be2 e6 7. Be3 Be7 8. Qd2 0-0 9. f3 Qc7 10. 0-0 Nbd7 11. Rad1 Ne5 12. Kh1 Nc4 13. Bxc4 Qxc4 14. Qe2 Qc7 15. Nb3 b5 16. a3 Bb7 17. Rfe1 d5 18. exd5 Nxd5 19. Nxd5 Bxd5 20. Nd4 Rac8 21. Qf2 Rfe8 22. c3 Qb8 23. Nf5 Bf8 24. Nd4 Be7 25. Nf5 Bf8 26. Nd4 Rc4 27. Rd2 Bd6 28. g3 Qb7 29. Kg1 Ra4 30. f4 Be7 31. Nc2 Rc8 32. Bd4 Rd8 33. Nb4 Bxb4 34. cxb4 Rb8 35. Bc3 a5 36. Qd4 f5 37. Qe5 axb4 38. Bxb4 Ra6 39. Rc1 Rc8 40. Rxc8+ Qxc8 41. Bc3 Qb7 42. Rxd5 1-0

[Event "Wch U16 Girls"]
[Site "Al Ain"]
[Date "2013.12.23"]
[Round "7"]
[White "Alijanzadeh, Mohaddeseh"]
[Black "Serefidou, Despina"]
[Result "1-0"]
[WhiteElo "1846"]
[BlackElo "1958"]
[PlyCount "67"]
[EventDate "2013.12.18"]
[EventType "swiss"]
[EventRounds "11"]
[EventCountry "UAE"]
[SourceTitle "CBM 158 Extra"]
[Source "ChessBase"]
[SourceDate "2014.02.28"]
[SourceVersion "1"]
[SourceVersionDate "2014.02.28"]
[SourceQuality "1"]

1. e4 c5 2. Nf3 d6 3. d4 cxd4 4. Nxd4 Nf6 5. Nc3 a6 6. f3 e6 7. Be3 b5 8. Qd2 Nbd7 9. g4 b4 10. Na4 h6 11. 0-0-0 Ne5 12. b3 Bd7 13. Nb2 d5 14. g5 hxg5 15. Bxg5 dxe4 16. Bxf6 gxf6 17. f4 Bh6 18. Kb1 Ng4 19. Nc4 Qe7 20. h3 Ne5 21. Nb6 Rd8 22. Bxa6 Qc5 23. Nxd7 Nxd7 24. Bb5 f5 25. Ba4 Bg7 26. Nc6 Bc3 27. Qd6 Qxd6 28. Rxd6 Rc8 29. Rhd1 Rc7 30. Nb8 Rxh3 31. Nxd7 Ke7 32. Ne5 f6 33. Nc4 Kf7 34. Bd7 1-0

[Event "EU-ch U18 Girls 23rd"]
[Site "Budva"]
[Date "2013.10.07"]
[Round "8"]
[White "Usoltseva, Polina"]
[Black "Serefidou, Despina"]
[Result "1/2-1/2"]
[WhiteElo "1862"]
[BlackElo "1968"]
[PlyCount "137"]
[EventDate "2013.09.29"]
[EventType "swiss"]
[EventRounds "9"]
[EventCountry "MNE"]
[SourceTitle "CBM 156 Extra"]
[Source "ChessBase"]
[SourceDate "2013.10.22"]
[SourceVersion "1"]
[SourceVersionDate "2013.10.22"]
[SourceQuality "1"]

1. e4 c5 2. Nf3 d6 3. d3 Nc6 4. g3 g6 5. Bg2 Bg7 6. 0-0 e5 7. Nc3 Nge7 8. Be3 0-0 9. Qd2 Nd4 10. Ne2 Bg4 11. Nexd4 cxd4 12. Bg5 f6 13. Bh6 Rc8 14. Bxg7 Kxg7 15. c4 dxc3 16. bxc3 d5 17. Rab1 dxe4 18. dxe4 Qxd2 19. Nxd2 b6 20. Rfc1 Rfd8 21. Rb2 Rd3 22. h3 Be6 23. c4 Rcd8 24. Rcc2 Nc6 25. Bf1 R3d7 26. Nb3 Nb4 27. Rd2 Rxd2 28. Nxd2 Nd3 29. Rc2 Ne1 30. Rc1 Rxd2 31. Rxe1 Rxa2 32. Rc1 Ra5 33. h4 h5 34. Kg2 Kf7 35. Kf3 Ke7 36. Ke3 Kd6 37. Rd1+ Kc7 38. f4 Ra3+ 39. Rd3 Ra1 40. Be2 Rc1 41. Ra3 a5 42. Kd2 Rb1 43. c5 Rb2+ 44. Ke3 Rb3+ 45. Rxb3 Bxb3 46. cxb6+ Kxb6 47. Kd2 Kc5 48. Kc3 Be6 49. fxe5 fxe5 50. Bd1 Kb5 51. Be2+ Kc5 52. Bd1 Bg4 53. Bb3 Bf3 54. Bd5 a4 55. Bb7 Bd1 56. Bc8 Be2 57. Be6 Bf3 58. Bd5 Bd1 59. Bf7 a3 60. Bxg6 a2 61. Kb2 Kd4 62. Kxa2 Ke3 63. Kb2 Kf2 64. Kc3 Kxg3 65. Kc4 Kf4 66. Kd5 Bf3 67. Bh7 Bd1 68. Bg6 Bb3+ 69. Kd6 1/2-1/2